Miseria de lo cotidiano: en torno al barrio puerto de Valparaíso

Saved in:
Bibliographic Details
Main Author: Aravena Núñez, Pablo (Author)
Format: Book
Language:Spanish
Published: Valparaíso Universidad de Valparaíso 2002
Subjects:
Tags: Add Tag
No Tags, Be the first to tag this record!

MARC

LEADER 00000nam a2200000 a 4500
001 UCM8826
003 CL-VaPUC
008 030328e20020000CL |||||||||||||||||spa|d
082 0 4 |a 983.255  |b ARA  |2 21 
100 0 |a Aravena Núñez, Pablo  |e author  |9 475047 
245 1 0 |a Miseria de lo cotidiano: en torno al barrio puerto de Valparaíso 
300 |a 142 p 
651 0 |a Valparaíso, Chile  |9 261144 
942 |c BK 
945 |d 20030328 00:00:00  |a cmena 
260 |a Valparaíso  |b Universidad de Valparaíso  |c 2002 
650 0 |a Historia de Valparaíso  |9 460237 
650 0 |a Ciudades  |9 265474 
650 0 |a Antropología cultural y social   |9 265143 
583 |a last modification  |c 20030328 00:00:00  |k Rodrigo Vera 
999 |c 303247  |d 303245 
952 |0 0  |1 0  |4 0  |6 983_255000000000000_ARA_2002  |7 0  |8 A  |9 364426  |a BIBHIS  |b BIBHIS  |d 2019-11-21  |i 3887839  |o 983.255 ARA 2002  |p 3887839  |r 2025-01-20  |w 2019-11-21  |y BK  |k HIS